000 00942nam a2200277 i 4500
001 184435
003 ES-MaACL
005 20230906222208.0
008 150826s1984 sp |||| | spa d
020 _a84-264-1156-8
080 _a840-23"19"
100 1 _aYourcenar, Marguerite.
_9117708
245 1 0 _aTeatro.
_nI /
_cMarguerite Yourcenar ; traducción de Silvia Baron-Supervielle.
246 3 5 _aDar al César
246 3 5 _aDiálogo en la marisma
250 _a1ª ed. en "Palabra en el tiempo".
260 _aBarcelona :
_bLumen,
_c1984.
300 _a1 v. (209 p.) ;
_c19 cm.
490 1 _aPalabra en el tiempo ;
_v156
505 8 _aContiene: 1 ;
_tDar al César ;
_tLa sirenita ;
_tDiálogo en la marisma
700 1 _aBaron Supervielle, Silvia.
_925779
740 3 2 _aLa sirenita.
830 0 _aPalabra en el tiempo ;
_v156
_9177857
852 _aES-MaACL
_jL-30164
_z. - Donat. Carmen Zumárraga
999 _c184435
_d184435